|
|
|
|
| LEADER |
01337nam a2200289 u 4500 |
| 001 |
10022762 |
| 003 |
upatras |
| 005 |
20210117205710.0 |
| 008 |
990617s1999 gr eng |
| 040 |
|
|
|a GR-PaULI
|c GR-PaULI
|
| 041 |
0 |
|
|a eng
|
| 082 |
0 |
4 |
|a 612.82
|
| 100 |
1 |
|
|a Zainea, Florin-Ovidiu
|9 59894
|
| 245 |
1 |
0 |
|a Providing EEG source localization data to a human brain database
|c Florin-Ovidiu Zainea; University of Patras
|
| 260 |
|
|
|a Patras
|b [s.n.]
|c 1999
|
| 300 |
|
|
|a 53 p.
|b fig.
|c 29 cm.
|
| 500 |
|
|
|a Interdepartmental program for postgraduate studies in Biomedical Engineering
|
| 504 |
|
|
|a Includes bibliography and appendix
|
| 650 |
|
4 |
|a Εγκέφαλος
|x Φυσιολογία
|9 1284
|
| 650 |
|
4 |
|a Φυσιολογία
|x Εγκέφαλος
|x Κλινικές έρευνες
|9 148316
|
| 650 |
|
4 |
|a Βιοϊατρική τεχνολογία
|9 3912
|
| 710 |
2 |
|
|9 2771
|a Πανεπιστήμιο Πατρών
|b Σχολή Επιστημών Υγείας
|b Τμήμα Ιατρικής
|
| 852 |
|
|
|a GR-PaULI
|b ΠΑΤΡΑ
|b ΒΚΠ
|b ΒΣ2
|k ΑΣΧΞ
|h 612.82 Z
|m 044012
|p 025000057570
|t 1
|
| 942 |
|
|
|2 ddc
|c BK15
|
| 952 |
|
|
|0 0
|1 0
|4 0
|6 612_820000000000000_Z
|7 0
|9 187819
|a LISP
|b LISP
|c BSC
|d 2016-04-24
|i 044012
|l 0
|o 612.82 Z
|p 025000057570
|r 2016-04-24 00:00:00
|t 1
|w 2016-04-24
|y BK15
|
| 998 |
|
|
|c ΔΡΑΚΟΠΟΥΛΟΥ
|d 1999-06
|
| 999 |
|
|
|c 115842
|d 115842
|